000 00257nam a2200109Ia 4500
008 190914s9999||||xx |||||||||||||| ||und||
100 _aAbdul waris
245 0 _aEconomics MCQs For O' Levels
260 _aIndia
_bOxford
_c2004
300 _a156
942 _cBK
999 _c10021
_d10021